Indian and world geography: (Record no. 162770)

MARC details
000 -LEADER
fixed length control field 00834nam a22002057a 4500
005 - DATE AND TIME OF LATEST TRANSACTION
control field 20190320155000.0
010 ## - LCCN (DPL NO)
LC control number B-713351
020 ## - INTERNATIONAL STANDARD BOOK NUMBER
International Standard Book Number 9789352607785
Terms of availability 495.00
035 ## - SYSTEM CONTROL NUMBER
System control number B-713351
037 ## - SOURCE OF ACQUISITION
Source of stock number/acquisition Mc Graw Hill Education
082 ## - DEWEY DECIMAL CLASSIFICATION NUMBER
Classification number 910
100 ## - MAIN ENTRY--PERSONAL NAME
Personal name Husain, Majid
245 ## - TITLE STATEMENT
Title Indian and world geography:
Remainder of title for civil services preliminary and main examinations /
Statement of responsibility, etc by Majid Husain
250 ## - EDITION STATEMENT
Edition statement 4th ed.
260 ## - PUBLICATION, DISTRIBUTION, ETC. (IMPRINT)
Place of publication, distribution, etc Chennai
Name of publisher, distributor, etc McGraw Hill Education
Date of publication, distribution, etc 2018
270 ## - ADDRESS
Address 444/1, Sri Ekambara Naicker Industrial Estate, Alapakkam, Porur
City Chennai
Postal code 600116
300 ## - PHYSICAL DESCRIPTION
Extent vp.:
Other physical details ill.
Dimensions 24cm(pbk)
942 ## - ADDED ENTRY ELEMENTS (KOHA)
Source of classification or shelving scheme Dewey Decimal Classification
Item type English Books
Classification part 910
Call number suffix HUS
Holdings
Withdrawn status Lost status Not for loan Collection code Home library Current library Date acquired Source of acquisition Cost, normal purchase price Full call number Barcode Copy number Cost, replacement price Koha item type
      Non-fiction Ashok Vihar Ashok Vihar 20/03/2019 Aksharesh Enterprises/0006/13-03-19/591/07-03-19/19-03-19 575.00 910 HUS B-713351 1 575.00 English Books

© Delhi Public Library
Hit Counter
free hit counter